书目信息 |
| 题名: |
农村文化活动手册
|
|
| 作者: | 湖南省群众艺术馆 编 | |
| 分册: | ||
| 出版信息: | 长沙 湖南人民出版社 1983.9 |
|
| 页数: | 433页 | |
| 开本: | 19cm | |
| 丛书名: | ||
| 单 册: | ||
| 中图分类: | G247-62 | |
| 科图分类: | ||
| 主题词: | 群众文化--文化事业 | |
| 电子资源: | ||
| ISBN: | ||
| 000 | 00617nam0 2200205 45 | |
| 001 | 0302170937 | |
| 005 | 20031219104103.9 | |
| 010 | @dCNY1.10 | |
| 091 | @a10109.1631 | |
| 100 | @a20030217d1983 km y0chiy0120 ea | |
| 101 | 0 | @achi |
| 105 | @a z 000yy | |
| 200 | 1 | @a农村文化活动手册@ANong Cun Wen Hua Huo Dong Shou Ce@f湖南省群众艺术馆编@FHu Nan Sheng Qun Zhong Yi Shu Guan Bian |
| 210 | @a长沙@c湖南人民出版社@d1983.9 | |
| 215 | @a433页@d19cm | |
| 606 | 0 | @a群众文化@x文化事业 |
| 690 | @aG247-62@v3 | |
| 701 | 0 | @a湖南省群众艺术馆@4编 |
| 801 | @aCN@bTSTC@c20020701 | |
| 905 | @dG247-62@e3@f1@b101027@f1@b153816 | |
| 农村文化活动手册/湖南省群众艺术馆编.-长沙:湖南人民出版社,1983.9 |
| 433页;19cm |
| ISBN :CNY1.10 |
| ● |
| 相关链接 |
|
|
|
|
正题名:农村文化活动手册
索取号:G247-62/3
 
预约/预借
| 序号 | 登录号 | 条形码 | 馆藏地/架位号 | 状态 | 备注 |
| 1 | 0101027 | 001825895 | 密集书库/ [索取号:G247-62/3] | 在馆 | |
| 2 | 0101028 | 001826616 | 密集书库/ [索取号:G247-62/3] | 在馆 | |
| 3 | 0153816 | 001825154 | 密集书库/ [索取号:G247-62/3] | 在馆 | |
| 4 | 0153817 | 001734797 | 密集书库/ [索取号:G247-62/3] | 在馆 | |
| 5 | 0153818 | 001734804 | 密集书库/ [索取号:G247-62/3] | 在馆 |